ARRUPE JESUIT UNIVERSITY

CORONAVIRUS -STOP THE SPREAD - CLEAN,DISINFECT,COVER

Contemplation and compassion : (Record no. 122053)

MARC details
000 -LEADER
fixed length control field 01242cam a22003254a 4500
001 - CONTROL NUMBER
control field 12906233
003 - CONTROL NUMBER IDENTIFIER
control field ARRUPE
005 - DATE AND TIME OF LATEST TRANSACTION
control field 20150217114840.0
008 - FIXED-LENGTH DATA ELEMENTS--GENERAL INFORMATION
fixed length control field 020826s2003 nyu b 000 0 eng
010 ## - LIBRARY OF CONGRESS CONTROL NUMBER
LC control number 2002013706
020 ## - INTERNATIONAL STANDARD BOOK NUMBER
International Standard Book Number 157075473X (pbk.)
040 ## - CATALOGING SOURCE
Original cataloging agency DLC
Transcribing agency DLC
Modifying agency DLC
042 ## - AUTHENTICATION CODE
Authentication code pcc
043 ## - GEOGRAPHIC AREA CODE
Geographic area code e-fr---
050 00 - LIBRARY OF CONGRESS CALL NUMBER
Classification number BX2615.P35
Item number C48 2003
082 00 - DEWEY DECIMAL CLASSIFICATION NUMBER
Classification number 248/.0944/361
Edition number 21
300 ## - PHYSICAL DESCRIPTION
Dimensions 22 cm.
100 1# - MAIN ENTRY--PERSONAL NAME
Personal name Chase, Steven.
9 (RLIN) 15144
245 10 - TITLE STATEMENT
Title Contemplation and compassion :
Remainder of title the Victorine tradition /
Statement of responsibility, etc Steven Chase.
260 ## - PUBLICATION, DISTRIBUTION, ETC. (IMPRINT)
Place of publication, distribution, etc London :
Name of publisher, distributor, etc Darton, Longman and Todd,
Date of publication, distribution, etc 2003.
300 ## - PHYSICAL DESCRIPTION
Extent 173 p. ;
490 1# - SERIES STATEMENT
Series statement Traditions of Christian spirituality series
504 ## - BIBLIOGRAPHY, ETC. NOTE
Bibliography, etc Includes bibliographical references (p. [167]-173).
610 20 - SUBJECT ADDED ENTRY--CORPORATE NAME
Corporate name or jurisdiction name as entry element Saint-Victor (Abbey : Paris, France)
9 (RLIN) 15145
610 20 - SUBJECT ADDED ENTRY--CORPORATE NAME
Corporate name or jurisdiction name as entry element Augustinian Canons
Geographic subdivision France
-- Paris
General subdivision Spiritual life.
9 (RLIN) 15146
650 #0 - SUBJECT ADDED ENTRY--TOPICAL TERM
Topical term or geographic name as entry element Spirituality
General subdivision Christianity
-- History
Chronological subdivision Middle Ages, 600-1500.
9 (RLIN) 15147
830 #0 - SERIES ADDED ENTRY--UNIFORM TITLE
Uniform title Traditions of Christian spirituality.
9 (RLIN) 15148
906 ## - LOCAL DATA ELEMENT F, LDF (RLIN)
a 7
b cbc
c orignew
d 1
e ecip
f 20
g y-gencatlg
942 ## - ADDED ENTRY ELEMENTS (KOHA)
Source of classification or shelving scheme Library of Congress Classification
Koha item type Monograph ( Printed materials)
Holdings
Withdrawn status Lost status Source of classification or shelving scheme Damaged status Not for loan Collection code Home library Current library Shelving location Date acquired Total Checkouts Full call number Barcode Date last seen Price effective from Koha item type
    Library of Congress Classification     Main Collection ARRUPE LIBRARY ARRUPE LIBRARY Main Collection 17/02/2015   BX2615.P35 C48 2003 46500002944 22/11/2017 17/02/2015 Monograph ( Printed materials)

 

Arrupe Library. PO Box MP320 Mt Pleasant, Harare, Zimbabwe
263 242 745411|librarian@aju.ac.zw